00790nam a2200205 a 450000100100000000500170001000800410002704000250006808200150009310000250010824501060013326000370023930000210027650000750029750000420037270000310041404900090044595201130045499900170056700002681220200930030427.0110325s1993 dr 000 0 spa d aDO-SdBNPbspacBNPHU axxxbT683a1 aToribio, Juan95392810aAnálisis de la reforma tributaria en la República Dominicana /cJuan Toribio, Teófilo A. Reyes. aSanto Domingo :bTriunfo,c1993. a179 p. ;c25 cm. aIncluye datos biográficos de los autores en la solapa de la cubierta aIncluye notas al pie de las páginas1 aReyes, Teófilo A.953929 aBNPD 0010718PDaPDbPDcCTd2011-03-25iLF1l0oxxx T683ap26812-10r2020-06-25w2020-06-25yLFPDZNo se presta c26304d26304